00495nam a2200121Ia 4500008004100000100002100041245006400062245005000126260000900176300003100185440004500216650011200261171207s9999 xx 000 0 und d aChochlov, Muslim 2aA historical, textual analysis approach to feature location cMuslim Chochlov, Michael English, Jim Buckley c2017 apages 110-126, August 2017 aInformation and Software Technologyv88: aFeature location, Version histories, Dataset expansion, Software systems’ characterization, Search effort